MARC

LEADER 00000nam0a2200000 4500
001 297874
005 20231102001041.0
020 |a RU  |b 84-47441 
035 |a (RuTPU)RU\TPU\book\323009 
090 |a 297874 
100 |a 20150611d1984 k y0rusy5003 ca 
101 0 |a rus 
102 |a UA 
105 |a y z 001zy 
200 1 |a Экономика и организация машинной информатики  |f Ю. М. Каныгин  |g Академия наук Украинской ССР (АН УССР), Институт кибернетики (ИК) 
210 |a Киев  |c Наукова думка  |d 1984 
215 |a 159 с. 
320 |a Библиогр.: с. 155-158 
606 1 |a Информация  |x Обработка на вычислительных машинах  |2 stltpush  |3 (RuTPU)RU\TPU\subj\12980  |9 39671 
610 1 |a информационная экономика 
610 1 |a социальная информатика 
610 1 |a машинная техника 
610 1 |a народное хозяйство 
610 1 |a управление 
610 1 |a вычислительные центры 
610 1 |a машинная информатика 
610 1 |a автоматизация 
675 |a 681.3.01  |v 3 
700 1 |a Каныгин  |b Ю. М.  |g Юрий Михайлович 
712 0 2 |a Академия наук Украинской ССР (АН УССР)  |b Институт кибернетики (ИК)  |c (Киев)  |c (1962-1991)  |2 stltpush  |3 (RuTPU)RU\TPU\col\11437 
801 0 |a RU  |b RuMRKP  |c 19950704  |g psbo 
801 1 |a RU  |b 63413507  |c 20150611 
801 2 |a RU  |b 63413507  |c 20180508  |g RCR 
942 |c BK